Evaluación de las actitudes del Profesorado de Educación Secundaria Obligatoria hacia la integración escolar de alumnos con necesidades educativas especiales (Registro nro. 32291)

Detalles MARC
000 -LEADER
fixed length control field 00547 a2200121 4500
001 - CONTROL NUMBER
control field ART_39663
005 - DATE AND TIME OF LATEST TRANSACTION
control field 20260410162012.0
008 - FIXED-LENGTH DATA ELEMENTS--GENERAL INFORMATION
fixed length control field 260409a
100 1# - MAIN ENTRY--PERSONAL NAME
Personal name Sánchez Fernández, Sebastián
245 10 - TITLE STATEMENT
Title Evaluación de las actitudes del Profesorado de Educación Secundaria Obligatoria hacia la integración escolar de alumnos con necesidades educativas especiales
700 1# - ADDED ENTRY--PERSONAL NAME
Personal name Fernández Bartolomé, Ana María
773 0# - HOST ITEM ENTRY
Title Propuestas para la sociedad, el gobierno y la producción
Related parts - Año 5, Nº 9 (nov. 2001)
Record control number REV39547

No hay ítems disponibles.